| 000 | 00944nac a22002291u 4500 | ||
|---|---|---|---|
| 010 | _a2002045167 | ||
| 020 | _a0735618682 (pbk.) | ||
| 020 | _a8120322932 | ||
| 082 | 0 | 0 |
_a005.8 _bS6421 |
| 090 |
_c561 _d561 |
||
| 100 | _aSmith, Ben. | ||
| 245 | 1 | 0 |
_aMicrosoft Windows security resource kit / _cBen Smith and Brian Komar, with the microsoft security team. |
| 260 |
_aNew Delhi : _bPrentice Hall of India, _cc2003. |
||
| 300 |
_axxv, 678 p. : _bill. ; _c23 cm. + _e1 CD-ROM (4 3/4 in.) |
||
| 500 | _aIncludes index. | ||
| 538 | _aSystem requirements for accompanying CD-ROM: Microsoft windows 98, Microsoft Windows 2000, or Microsoft windows XP. | ||
| 650 | 0 | _aComputer security. | |
| 650 | 0 |
_aComputer networks _xSecurity measures. |
|
| 700 | 1 | _aKomar, Brian. | |
| 942 |
_cBB _k005.8S6421 |
||
| 999 |
_c561 _d561 |
||